01801nam a2200469 i 450000100060000000300090000600500170001500800410003202000150007304000360008804100130012404600090013708000100014608000110015608000150016708000090018224503100019126000470050130000290054833600270057733700540060433800280065838000160068638000230070238800140072538800140073950400240075365000130077765000310079065000110082165000230083265000330085565500290088865800340091770000410095171000680099271000940106085600980115494200120125299900170126495200500128139268KOSZ 00520220916083545.0011202s2000 pl |100 0 pol d a8390238462 cKOSZ 005aKOSZ 005dKOSZ 005/HR0 apolaeng k2000 a657.3 a657.47 a658.14/.17 a(06)00aBudżetowanie działalności jednostek gospodarczych :bteoria i praktyka : materiały konferencyjne 26-28 czerwca Kraków - Zakopane 2000 /cpod red. nauk. Wiktora Krawczyka ; Komitet Nauk Organizacji i Zarządzania Polskiej Akademii Nauk, Katedra Zarządzania Finansami Wydziału Zarządzania AGH. aKraków ;aZakopane :bKZF WZ AGH,c2000. a326 s. :brys. ;c24 cm. 2rdacontentaTekstbtxt 2rdamediaaBez urządzenia pośredniczącegobn 2rdacarrieraWoluminbnc aKsiążki aPublikacje naukowe a1901-2000 a1989-2000 aBibliogr. przy ref. 4aBudżet 4aFinanse przedsiębiorstwa 4aKoszty 4aRachunek kosztów 4aRachunkowość zarządcza 4aMateriały konferencyjne aGospodarka, ekonomia, finanse1 aKrawczyk, Wiktord(1943- )eRedakcja2 aKomitet Nauk Organizacji i Zarządzania (Polska Akademia Nauk)2 aWydział Zarządzania (Akademia Górniczo-Hutnicza im. Stanisława Staszica ; Kraków) uhttp://koha.tu.koszalin.pl/cgi-bin/koha/opac-detail.pl?biblionumber=39268yKatalog online BPK cKS2UKD c39268d39268 00104071aBPKbBPKcmho58398p01559927yKS